Гуманитарный форум в Политехническом. Т. 2 (Запись № 13505636)

Подробности
000 -МАРКЕР
контрольное поле 01959nam2a2200253 4500
001 - ИДЕНТИФИКАТОР ЗАПИСИ
контрольное поле RU\NLR\BIBL_A\022688225
005 - ИДЕНТИФИКАТОР ВЕРСИИ
контрольное поле 20260204133301.0
010 ## - МЕЖДУНАРОДНЫЙ СТАНДАРТНЫЙ НОМЕР КНИГИ (ISBN)
Номер (ISBN) 978-5-7422-9022-3
Уточнения т. 2
021 ## - НОМЕР ГОСУДАРСТВЕННОЙ РЕГИСТРАЦИИ
Код страны Российская Федерация
Номер КН-П-25-066140
Номер Листа государственной регистраци КН-П-25-6402
035 ## - ДРУГИЕ СИСТЕМНЫЕ НОМЕРА
Идентификатор записи (NLR Aleph) 022688225
100 ## - ДАННЫЕ ОБЩЕЙ ОБРАБОТКИ
Данные общей обработки 20251215d2025 k y0rusy50 ca
101 0# - ЯЗЫК РЕСУРСА
Язык текста, звукозаписи и т.д. русский
-- английский
102 ## - СТРАНА ПУБЛИКАЦИИ ИЛИ ПРОИЗВОДСТВА
Страна публикации Российская Федерация
105 ## - ПОЛЕ КОДИРОВАННЫХ ДАННЫХ: ТЕКСТОВЫЕ МАТЕРИАЛЫ, МОНОГРАФИЧЕСКИЕ
Кодированные данные о монографическом текстовом документе y z 100yy
200 0# - ЗАГЛАВИЕ И СВЕДЕНИЯ ОБ ОТВЕТСТВЕННОСТИ
Основное заглавие Т. 2
210 ## - ПУБЛИКАЦИЯ, РАСПРОСТРАНЕНИЕ И ДР.
Дата издания, распространения и т.д. 2025
215 ## - ФИЗИЧЕСКАЯ ХАРАКТЕРИСТИКА
Специфическое обозначение материала и объем 308 с.
300 ## - ОБЩИЕ ПРИМЕЧАНИЯ
Текст примечания Часть текста англ.
461 #0 - УРОВЕНЬ НАБОРА
Встроенное поле 001RU\NLR\BIBL_A\022685656
-- 2001#$aГуманитарный форум в Политехническом$eматериалы IV Всероссийской молодежной научно-практической конференции, Санкт-Петербург, 10-12 апреля 2025 года$eв 4 т.$fМинистерство науки и высшего образования Российской Федерации, Санкт-Петербургский политехнический университет Петра Великого, [Гуманитарный институт]$gнаучный редактор: Н. В. Чичерина$vТ. 2
Системный номер (АБИС) связанной записи 13540054
Место публикации Санкт-Петербург
Дата публикации 2025
Первые сведения об ответственности Министерство науки и высшего образования Российской Федерации, Санкт-Петербургский политехнический университет Петра Великого, [Гуманитарный институт]
Имя издателя, распространителя и т.д. Политех-Пресс
Сведения, относящиеся к заглавию материалы IV Всероссийской молодежной научно-практической конференции, Санкт-Петербург, 10-12 апреля 2025 года : в 4 т.
Заглавие Гуманитарный форум в Политехническом
ISBN 978-5-7422-9016-2
Номер тома Т. 2
942 ## - ДОПОЛНИТЕЛЬНЫЕ ЭЛЕМЕНТЫ ЗАПИСИ (АБИС)
Тип экземпляра АБИС Книга
980 ## - КОЛЛЕКЦИЯ
Название коллекции Национальная библиография

Нет доступных экземпляров.